| 000 | 00831nam a2200265Ia 4500 | ||
|---|---|---|---|
| 003 | OSt | ||
| 005 | 20221006160157.0 | ||
| 006 | a|||||r|||| 00| 0 | ||
| 007 | ta | ||
| 008 | 221006b |||||||| |||| 00| 0 eng d | ||
| 020 |
_a9781931897075 _cW16,000 |
||
| 024 | _a44,520 | ||
| 037 |
_bGift, KCC (Window on Korea) _cAnnuals, Advances |
||
| 040 |
_aEASL _cEASL _beng |
||
| 041 |
_2eng _aeng |
||
| 082 | _aO495vN:g, P2 | ||
| 100 |
_aLee Younghee _9672222 |
||
| 245 | 0 |
_aIdeology,cculture, and HAN _b Traditional and early modern Korean womens literature |
|
| 260 |
_aSeoul _bJImoondang _c2002 |
||
| 300 |
_a160p. _ccm. |
||
| 490 |
_v KEL _aKorean studies series No.18 |
||
| 650 | _aKEL | ||
| 942 |
_hO495vN:g, P2 _cREF _2CC |
||
| 999 |
_c1112612 _d1112612 |
||